<?xml version="1.0" encoding="UTF-8"?>
<record
    xmlns:xsi="http://www.w3.org/2001/XMLSchema-instance"
    xsi:schemaLocation="http://www.loc.gov/MARC21/slim http://www.loc.gov/standards/marcxml/schema/MARC21slim.xsd"
    xmlns="http://www.loc.gov/MARC21/slim">

  <leader>01724nam a2200241Ia 4500</leader>
  <datafield tag="952" ind1=" " ind2=" ">
    <subfield code="0">0</subfield>
    <subfield code="1">0</subfield>
    <subfield code="2">lcc</subfield>
    <subfield code="4">0</subfield>
    <subfield code="7">0</subfield>
    <subfield code="a">04</subfield>
    <subfield code="b">04</subfield>
    <subfield code="d">2011-03-07</subfield>
    <subfield code="l">135</subfield>
    <subfield code="m">3</subfield>
    <subfield code="o">C KGF7611 M49 2011</subfield>
    <subfield code="p">04 003049</subfield>
    <subfield code="r">2025-09-18</subfield>
    <subfield code="s">2020-01-11</subfield>
    <subfield code="t">1</subfield>
    <subfield code="w">2012-06-24</subfield>
    <subfield code="y">LB</subfield>
  </datafield>
  <datafield tag="952" ind1=" " ind2=" ">
    <subfield code="0">0</subfield>
    <subfield code="1">0</subfield>
    <subfield code="2">lcc</subfield>
    <subfield code="4">0</subfield>
    <subfield code="7">0</subfield>
    <subfield code="a">04</subfield>
    <subfield code="b">04</subfield>
    <subfield code="d">2011-10-10</subfield>
    <subfield code="l">151</subfield>
    <subfield code="m">1</subfield>
    <subfield code="o">C KGF7611 M49 2011</subfield>
    <subfield code="p">04 003665</subfield>
    <subfield code="r">2020-01-11</subfield>
    <subfield code="s">2020-01-11</subfield>
    <subfield code="t">2</subfield>
    <subfield code="w">2012-06-24</subfield>
    <subfield code="y">LB</subfield>
  </datafield>
  <datafield tag="999" ind1=" " ind2=" ">
    <subfield code="c">62673</subfield>
    <subfield code="d">62673</subfield>
  </datafield>
  <controlfield tag="008">120625s2011    mx       l    001 0 spa d</controlfield>
  <datafield tag="020" ind1=" " ind2=" ">
    <subfield code="a">9786074062052</subfield>
  </datafield>
  <datafield tag="050" ind1=" " ind2="4">
    <subfield code="a">C KGF7611 </subfield>
    <subfield code="b">M49 2011</subfield>
  </datafield>
  <datafield tag="110" ind1="1" ind2=" ">
    <subfield code="a">M&#xE9;xico. Leyes, etc. </subfield>
  </datafield>
  <datafield tag="245" ind1="1" ind2="0">
    <subfield code="a">Agenda Civil del D.F. 2011 </subfield>
    <subfield code="b"> : compendio de leyes, reglamentos y otras disposiciones conexas sobre la materia </subfield>
  </datafield>
  <datafield tag="246" ind1="3" ind2=" ">
    <subfield code="a">Agenda Civil del Distrito Federal 2011</subfield>
    <subfield code="b"> : compendio de leyes, reglamentos y otras disposiciones conexas sobre la materia</subfield>
  </datafield>
  <datafield tag="250" ind1=" " ind2=" ">
    <subfield code="a">20a. edici&#xF3;n </subfield>
  </datafield>
  <datafield tag="260" ind1=" " ind2=" ">
    <subfield code="a">M&#xE9;xico</subfield>
    <subfield code="b"> : ISEF </subfield>
    <subfield code="c"> , 2011 </subfield>
  </datafield>
  <datafield tag="300" ind1=" " ind2=" ">
    <subfield code="a">[paginaci&#xF3;n varia] </subfield>
    <subfield code="c"> ; 17 cm. </subfield>
  </datafield>
  <datafield tag="500" ind1=" " ind2=" ">
    <subfield code="a">1a. edici&#xF3;n 2001</subfield>
  </datafield>
  <datafield tag="500" ind1=" " ind2=" ">
    <subfield code="a">"Esta edici&#xF3;n contiene las disposiciones publicadas hasta la fecha de impresi&#xF3;n de este producto; 03 de enero de 2011" </subfield>
  </datafield>
  <datafield tag="505" ind1="0" ind2=" ">
    <subfield code="a">C&#xF3;digo Civil para el Distrito Federal 
C&#xF3;digo de Procedimientos Civiles para el Distrito Federal 
C&#xF3;digo Civil Federal 
C&#xF3;digo Federal de Procedimientos Civiles 
Ley de Responsabilidad Civil para la Protecci&#xF3;n del Derecho a la Vida Privada, el Honor y la Popia Imagen en el Distrito Federal 
Reglamento del Registro P&#xFA;blico de la Propiedad del Distrito Federal 
Reglamento del Registro Civil del Distrito Federal 
Ley del Notariado para el Distrito Federal 
Arancel del Notariado del Distrito Federal 
Convenio de Coordinaci&#xF3;n para Efectuar el Registro de Reci&#xE9;n Nacidos en las Cl&#xED;nicas y Hospitales del Sector Salud en el Distrito Federal </subfield>
  </datafield>
  <datafield tag="519" ind1=" " ind2=" ">
    <subfield code="a">Material Complementario / </subfield>
    <subfield code="d">(04 003049) </subfield>
  </datafield>
  <datafield tag="519" ind1=" " ind2=" ">
    <subfield code="a">Material Complementario / </subfield>
    <subfield code="d">(04 003665) </subfield>
  </datafield>
  <datafield tag="650" ind1=" " ind2="4">
    <subfield code="a">DERECHO CIVIL</subfield>
    <subfield code="v">LEYES Y LEGISLACI&#xD3;N </subfield>
    <subfield code="z">M&#xC9;XICO (CIUDAD) </subfield>
  </datafield>
  <datafield tag="650" ind1=" " ind2="4">
    <subfield code="a">PROCEDIMIENTO CIVIL</subfield>
    <subfield code="v">LEYES Y LEGISLACI&#xD3;N </subfield>
    <subfield code="z">M&#xC9;XICO (CIUDAD) </subfield>
  </datafield>
  <datafield tag="942" ind1=" " ind2=" ">
    <subfield code="c">LB</subfield>
  </datafield>
</record>
